Champions du monde de Formule 1 : 50s - Statistiques

Statistiques générales
  • Ce quiz a été pris 27 fois
  • Le résultat moyen est 9 sur 10
Statistiques - réponses
Hint Team Réponse % Correct
1951 Alfa Romeo Juan Manuel Fangio
100%
1954 Maserati/Mercedes Juan Manuel Fangio
100%
1955 Mercedes Juan Manuel Fangio
100%
1956 Ferrari Juan Manuel Fangio
100%
1957 Maserati Juan Manuel Fangio
100%
1952 Ferrari Alberto Ascari
95%
1953 Ferrari Alberto Ascari
95%
1950 Alfa Romeo Giuseppe Farina
95%
1958 Ferrari Mike Hawthorn
71%
1959 Cooper Jack Brabham
62%
Aucun quiz correspondant
Distribution des résultats
% des personnes avec chaque résultat
Percentile par nombre de réponses
Votre historique - résultats
Vous n’avez pas pris ce quiz